|
|
|
|
| LEADER |
00000cam a22000004a 4500 |
| 001 |
musev2_63271 |
| 003 |
MdBmJHUP |
| 005 |
20230905050519.0 |
| 006 |
m o d |
| 007 |
cr||||||||nn|n |
| 008 |
130605s2013 enk o 00 0 eng d |
| 020 |
|
|
|a 9781526130662
|
| 020 |
|
|
|z 9780719085826
|
| 020 |
|
|
|z 9780719097287
|
| 020 |
|
|
|z 1526130661
|
| 035 |
|
|
|a (OCoLC)1085647013
|
| 040 |
|
|
|a MdBmJHUP
|c MdBmJHUP
|
| 100 |
1 |
|
|a Schwartz, Laura.
|
| 245 |
1 |
0 |
|a Infidel feminism :
|b Secularism, religion and women's emancipation, England 1830-1914 /
|c Laura Schwartz.
|
| 264 |
|
1 |
|a Manchester, U.K. :
|b Manchester University Press,
|c 2013.
|
| 264 |
|
3 |
|a Baltimore, Md. :
|b Project MUSE,
|c 2020
|
| 264 |
|
4 |
|c ©2013.
|
| 300 |
|
|
|a 1 online resource (264 pages):
|b illustrations
|
| 336 |
|
|
|a text
|b txt
|2 rdacontent
|
| 337 |
|
|
|a computer
|b c
|2 rdamedia
|
| 338 |
|
|
|a online resource
|b cr
|2 rdacarrier
|
| 490 |
0 |
|
|a Gender in history.
|
| 520 |
8 |
|
|a An in-depth study of a distinctive brand of women's rights that emerged out of the Victorian Secularist movement, looking at the lives and work of a number of female activists, whose renunciation of religion shaped their struggle for emancipation.
|
| 546 |
|
|
|a English.
|
| 588 |
|
|
|a Description based on print version record.
|
| 650 |
|
7 |
|a Women's rights.
|2 fast
|0 (OCoLC)fst01178818
|
| 650 |
|
7 |
|a Women
|x Social conditions.
|2 fast
|0 (OCoLC)fst01176947
|
| 650 |
|
7 |
|a Sexual ethics for women.
|2 fast
|0 (OCoLC)fst01114847
|
| 650 |
|
7 |
|a Secularism.
|2 fast
|0 (OCoLC)fst01110732
|
| 650 |
|
7 |
|a Feminism.
|2 fast
|0 (OCoLC)fst00922671
|
| 650 |
|
7 |
|a SOCIAL SCIENCE
|x Minority Studies.
|2 bisacsh
|
| 650 |
|
7 |
|a SOCIAL SCIENCE
|x Discrimination & Race Relations.
|2 bisacsh
|
| 650 |
|
6 |
|a Femmes
|z Angleterre
|x Conditions sociales
|y 20e siecle.
|
| 650 |
|
6 |
|a Femmes
|z Angleterre
|x Conditions sociales
|y 19e siecle.
|
| 650 |
|
6 |
|a Femmes
|x Droits
|z Angleterre
|x Histoire
|y 20e siecle.
|
| 650 |
|
6 |
|a Femmes
|x Droits
|z Angleterre
|x Histoire
|y 19e siecle.
|
| 650 |
|
6 |
|a Femmes
|x Morale sexuelle
|z Angleterre
|x Histoire.
|
| 650 |
|
6 |
|a Feminisme
|z Angleterre
|x Histoire
|y 20e siecle.
|
| 650 |
|
6 |
|a Feminisme
|z Angleterre
|x Histoire
|y 19e siecle.
|
| 650 |
|
0 |
|a Secularism.
|
| 650 |
|
0 |
|a Women
|z England
|x Social conditions
|y 20th century.
|
| 650 |
|
0 |
|a Women
|z England
|x Social conditions
|y 19th century.
|
| 650 |
|
0 |
|a Women's rights
|z England
|x History
|y 20th century.
|
| 650 |
|
0 |
|a Women's rights
|z England
|x History
|y 19th century.
|
| 650 |
|
0 |
|a Sexual ethics for women
|z England
|x History.
|
| 650 |
|
0 |
|a Feminism
|z England
|x History
|y 20th century.
|
| 650 |
|
0 |
|a Feminism
|z England
|x History
|y 19th century.
|
| 651 |
|
7 |
|a England.
|2 fast
|0 (OCoLC)fst01219920
|
| 655 |
|
7 |
|a History.
|2 fast
|0 (OCoLC)fst01411628
|
| 655 |
|
7 |
|a Electronic books.
|2 local
|
| 710 |
2 |
|
|a Project Muse.
|e distributor
|
| 830 |
|
0 |
|a Book collections on Project MUSE.
|
| 856 |
4 |
0 |
|z Texto completo
|u https://projectmuse.uam.elogim.com/book/63271/
|
| 945 |
|
|
|a Project MUSE - Custom Collection
|